[Event "FIDE World Cup"]
[Site "Tromsoe"]
[Date "2013.08.11"]
[Round "1.1"]
[White "Inarkiev, Ernesto"]
[Black "Leitao, Rafael Duailibe"]
[Result "1/2-1/2"]
[WhiteElo "2693"]
[BlackElo "2632"]
[PlyCount "93"]
[EventDate "2013.08.11"]
[EventType "k.o."]
[EventRounds "7"]
[EventCountry "NOR"]
[SourceTitle "CBM 156"]
[Source "ChessBase"]
[SourceDate "2013.09.17"]
[SourceVersion "1"]
[SourceVersionDate "2013.09.17"]
[SourceQuality "1"]

1. c4 e6 2. Nc3 d5 3. d4 Be7 4. cxd5 exd5 5. Bf4 c6 6. e3 Bd6 7. Bxd6 Qxd6 8. Bd3 Nf6 ({RR} 8... Ne7 9. Qc2 b6 10. e4 dxe4 11. Nxe4 Qb4+ 12. Nd2 Ba6 13. Ngf3 Bxd3 14. Qxd3 Nd7 15. O-O O-O 16. Ne4 Qa5 17. Rfe1 Qd5 18. Nc3 Qd6 19. Ne4 Qd5 20. Rad1 Ng6 21. Nc3 Qd6 22. d5 Nf6 23. Ne4 {Svidler,P (2747)-Jakovenko,D (2734) Loo 2013 ½-½ (38)}) 9. Qc2 O-O 10. h3 ({RR} 10. Nf3 Nbd7 11. O-O Re8 12. Rfe1 g6 13. h3 Kg7 14. a3 ({RR} 14. Rab1 a5 15. Na4 Ne4 16. Bxe4 dxe4 17. Nd2 f5 18. Qc3 Qb4 19. Qc2 Nf6 20. a3) 14... a5 15. Nd2 b6 16. e4 dxe4 17. Ncxe4 Nxe4 18. Nxe4 Qd5 19. Bc4 Qf5 20. Re2 Rd8 21. Rae1 Nf6 22. Bd3 Nd5 23. Nd6 Qf4 24. Ne8+ Kf8 {Urkedal,F (2558)-Balaji,A (2394) London 2025 1-0 (36)}) 10... b6 $146 ({RR} 10... Nbd7 11. Nge2 c5 12. dxc5 Nxc5 13. O-O Be6 14. Rad1 Rac8 15. Qd2 Rfd8 16. Bb1 Qb6 17. Nd4 Nce4 18. Bxe4 dxe4 19. b3 h6 20. Rc1 Bd7 21. Rc2 Qd6 22. Rfc1 Qe5 23. Nce2 Rxc2 24. Rxc2 Rc8 25. Rxc8+ {Bischoff,K (2505)-Seul,G (2315) Germany 1989 ½-½ (38)}) ({RR} 10... Nbd7 11. Nf3 Re8 12. O-O Qe7 13. Nd2 Nf8 14. Rae1 Bd7 15. b4 a5 16. b5 cxb5 17. Bxb5 Rac8 18. Bxd7 N8xd7 19. Qb3 Qb4 20. Rc1 Qxb3 21. Nxb3 b6 22. Nb5 g6 23. Nd6 Rxc1 24. Rxc1 Re6 25. Nb5 {Matveeva,S (2380)-Gavasheli,A (2160) Tbilisi 2011 1-0 (68)}) 11. Nf3 Ba6 12. Bxa6 Nxa6 13. a3 Nc7 14. O-O Ne6 15. Rac1 Rac8 16. Rfd1 Rfd8 17. Rd2 Qe7 18. Qa4 Qb7 19. Ne5 c5 20. dxc5 bxc5 21. Qb5 Qa8 22. Ng4 Nxg4 23. hxg4 d4 24. Nd1 h6 25. Qd3 c4 26. Rxc4 dxe3 27. Rxc8 exf2+ 28. Nxf2 Rxc8 29. Ne4 Qc6 30. Kh2 Rd8 31. Qc2 Qb6 32. Rxd8+ Qxd8 33. Qf2 Qd5 34. Qf5 Qd8 35. Qf2 a5 36. Qg3 Qd4 37. Qb8+ Kh7 38. Qb7 Qe5+ 39. Ng3 Qf6 40. Qe4+ Kg8 41. Qa8+ Nf8 42. Kh3 Qxb2 43. Qxa5 Ne6 44. Kh2 Ng5 45. Nf5 Qb8+ 46. Kg1 Qb1+ 47. Kh2 1/2-1/2

[Event "Netanya Masters"]
[Site "Netanya"]
[Date "2019.06.24"]
[Round "2"]
[White "Postny, Evgeny"]
[Black "Nabaty, Tamir"]
[Result "0-1"]
[WhiteElo "2601"]
[BlackElo "2678"]
[PlyCount "98"]
[EventDate "2019.06.23"]
[EventType "tourn"]
[EventRounds "9"]
[EventCountry "ISR"]
[EventCategory "18"]
[SourceTitle "CBM 191"]
[Source "ChessBase"]
[SourceDate "2019.08.31"]
[SourceVersion "1"]
[SourceVersionDate "2019.08.31"]
[SourceQuality "1"]

1. d4 d5 2. c4 e6 3. Nc3 a6 4. cxd5 exd5 5. Bf4 Be6 6. e3 Bd6 7. Nge2 ({RR} 7. Bxd6 Qxd6 8. Bd3 Ne7 9. Nge2 Nd7 10. Rc1 O-O 11. O-O Bf5 12. Bxf5 Nxf5 13. Qc2 Ne7 14. e4 dxe4 15. Nxe4 Qg6 16. Nf4 Qf5 17. Qxc7 Qxe4 18. Rfe1 Qxd4 19. Rxe7 Nf6 20. Qe5 Qd2 21. Re1 Ng4 {Simacek,P (2372)-Lee,J (2401) Prague CZE 2026 ½-½}) 7... Nf6 8. Bxd6 Qxd6 9. Nf4 Nc6 $146 ({RR} 9... O-O 10. Bd3 Nc6 11. Nxe6 Qxe6 12. O-O Rae8 13. Qb3 Rb8 14. Na4 Ne7 15. Nc5 Qg4 16. Qc2 Ng6 17. b4 Rfe8 18. Bf5 Qg5 19. Nd7 Nxd7 20. Bxd7 Red8 21. Bh3 Qe7 22. Rab1 c6 23. a4 Qd6 24. b5 {Meyling,L (2089)-Kneip,J (2103) Hamburg 2022 1-0 (58)}) ({RR} 9... O-O 10. Bd3 Nc6 11. Nxe6 Qxe6 12. O-O Rae8 13. Qb3 Rb8 14. Na4 Ne7 15. Nc5 Qg4 16. Qc2 Ng6 17. b4 Rfe8 18. Bf5 Qg5 19. Nd7 Nxd7 20. Bxd7 Red8 21. Bh3 Qe7 22. Rab1 c6 23. a4 Qd6 24. b5 {Meyling,L (2089)-Kneip,J (2103) Hamburg 2022 1-0 (58)}) 10. Be2 Bf5 11. O-O O-O 12. Rc1 Rfd8 13. Bf3 Ne7 14. a3 g6 15. Nd3 Bxd3 16. Qxd3 c6 17. Na4 Nf5 18. Nc5 Qe7 19. Qb3 Nd6 20. Rfe1 Re8 21. Nd3 a5 22. Qc2 Kg7 23. g3 Nd7 24. Bg2 f5 25. a4 g5 26. f4 g4 27. Ne5 Nf6 28. h3 gxh3 29. Bxh3 Nfe4 30. Qh2 Rg8 31. Re2 Nxg3 32. Rg2 Kh8 33. Bg4 Nge4 34. Bf3 Rxg2+ 35. Bxg2 Rg8 36. Rc2 Nc4 37. Qh3 Rg3 38. Qxf5 Nxe3 39. Qc8+ Kg7 40. Re2 Nd6 41. Qb8 Ndf5 42. Nf3 Kh6 43. Qc8 Qf6 44. Kh1 Qf7 45. Ng5 Qh5+ 46. Bh3 Rxh3+ 47. Nxh3 Qxe2 48. Qf8+ Kh5 49. Qf7+ Kg4 0-1

[Event "ESP-chT CECLUB Div1"]
[Site "Linares"]
[Date "2017.08.18"]
[Round "5.4"]
[White "Van Kampen, Robin"]
[Black "Bruzon Batista, Lazaro"]
[Result "0-1"]
[WhiteElo "2643"]
[BlackElo "2643"]
[PlyCount "116"]
[EventDate "2017.08.14"]
[EventType "team"]
[EventRounds "7"]
[EventCountry "ESP"]
[SourceTitle "CBM 180 Extra"]
[Source "ChessBase"]
[SourceDate "2017.10.06"]
[SourceVersion "1"]
[SourceVersionDate "2017.10.06"]
[SourceQuality "1"]
[WhiteTeam "Real Oviedo"]
[BlackTeam "Oromana Schneider Electric"]
[WhiteTeamCountry "ESP"]
[BlackTeamCountry "ESP"]

1. c4 e6 2. Nc3 d5 3. d4 Be7 4. cxd5 exd5 5. Bf4 c6 6. e3 Bf5 7. g4 Be6 8. h4 Nd7 9. g5 h6 10. g6 f5 ({RR} 10... Ngf6 11. gxf7+ Bxf7 12. Bd3 O-O 13. Qf3 Qb6 14. O-O-O c5 15. Nge2 Rac8 16. Rhg1 Kh8 17. Bc2 cxd4 18. Rxd4 Bc5 19. Na4 Qa5 20. Nxc5 Rxc5 21. Bd6 Qxa2 22. Bxc5 Nxc5 23. Qg3 Rg8 24. Qc7 Qa1+ 25. Kd2 {Nepomniachtchi,I (2721)-Aronian,L (2803) Beijing 2013 1-0 (75)}) 11. h5 ({RR} 11. Qc2 Ngf6 12. Bd3 Ne4 13. Qb3 Qb6 14. f3 Nd6 15. Nge2 O-O 16. Bg3 Nb5 {½-½ (16) Aashman,G (2294)-Anishka,V (2171) Bijeljina BIH 2026}) 11... Ngf6 12. f3 Nb6 $146 ({RR} 12... O-O 13. Bd3 Ne8 14. Nge2 Bd6 15. Qb3 Nb6 16. O-O-O Qe7 17. Kb1 Kh8 18. a4 Bg8 19. a5 Nc4 20. Bxc4 dxc4 21. Bxd6 Nxd6 22. Qb4 Rae8 23. Rhe1 Qc7 24. Nf4 Re7 25. d5 c5 26. Qa4 Rfe8 27. Ne6 {Maltsevskaya,A (2243)-Davtyan,A (2413) Moscow 2019 0-1 (60)}) ({RR} 12... O-O 13. Nge2 Nb6 14. b3 a5 15. a4 Bb4 16. Kf2 Qe7 17. Rh2 Rae8 18. Na2 Bd6 19. Qd2 Bd7 20. Nac1 Na8 21. Nd3 b6 22. Ne5 Nc7 23. Ng3 c5 24. Kg1 Qd8 25. Bd3 cxd4 26. exd4 Ne6 27. Nxf5 {Triapishko,A (2502)-Keinanen,T (2447) St Petersburg 2019 ½-½ (47)}) 13. Qc2 O-O 14. Bd3 Qd7 15. Qh2 Nc4 16. b3 Nd6 17. Nge2 b6 18. Be5 c5 19. Nf4 Rac8 20. dxc5 bxc5 21. O-O Kh8 22. Rad1 Bg8 23. Bb1 Qc6 24. Qb2 d4 25. exd4 cxd4 26. Nce2 Nb5 27. Bxf5 Ba3 28. Qd2 Rce8 29. Bxd4 Nxd4 30. Nxd4 Qb6 31. Kg2 Rd8 32. Qc3 Nd5 33. Nxd5 Rxd5 34. Bg4 Bb4 35. Qa1 Rfd8 36. Nf5 Rd2+ 37. Rxd2 Rxd2+ 38. Kh3 Qc7 39. Rh1 Bc3 40. Qb1 Be5 41. a3 Bf4 42. Nh4 Qc5 43. Ng2 Bc7 44. Rf1 Qxa3 45. Qe4 Qb2 46. f4 Qxb3+ 47. Bf3 Bb6 48. Kg3 Rd8 49. Qe7 Qb2 50. Ne3 Qb5 51. Re1 Re8 52. Qa3 a5 53. Ng2 Rxe1 54. Nxe1 Qf1 55. Ng2 Qf2+ 56. Kh3 Be6+ 57. f5 Bxf5+ 58. Kh2 Bc7+ 0-1

[Event "Saint Louis SPICE Cup 6th"]
[Site "Saint Louis"]
[Date "2012.10.16"]
[Round "5"]
[White "Ding, Liren"]
[Black "Balogh, Csaba"]
[Result "1-0"]
[WhiteElo "2702"]
[BlackElo "2664"]
[PlyCount "85"]
[EventDate "2012.10.13"]
[EventType "tourn"]
[EventRounds "10"]
[EventCountry "USA"]
[EventCategory "18"]
[SourceTitle "CBM 151"]
[Source "ChessBase"]
[SourceDate "2012.11.13"]
[SourceVersion "1"]
[SourceVersionDate "2012.11.13"]
[SourceQuality "1"]

1. d4 {Grover,Sahaj} d5 2. c4 c6 3. Nf3 Nf6 4. Nc3 dxc4 5. a4 e6 6. e4 Bb4 7. e5 Nd5 8. Bd2 b5 9. axb5 Bxc3 10. bxc3 cxb5 11. Ng5 Nc6 ({RR} 11... h6 12. Ne4 O-O) 12. Qh5 Qe7 13. h4 ({RR} 13. Be2 b4 14. Bxc4 bxc3 15. Bc1) 13... Bb7 ({RR} 13... g6 14. Qf3 h5 15. Ne4 O-O 16. Bg5 Qd7 17. Nf6+ Nxf6 18. Bxf6 Bb7 19. Qf4 Ne7 20. Qh6 {1-0 (20) Sarkar,J (2377)-Baskin,R (2390) Chess.com INT 2020}) 14. Rh3 Nd8 15. Rg3 ({RR} 15. Ne4 Nf4 16. Bxf4 Bxe4) 15... g6 16. Qe2 $146 ({RR} 16. Qd1 f5 17. exf6 Nxf6 18. Qb1 a6 19. Be2 Nf7 20. h5 O-O-O 21. Nxf7 Qxf7 22. Bg5 Rd7 23. Rxa6 Ne4 24. Rf3 Qe8 25. Bf4 Bxa6 26. Qxe4 Rd5 27. Re3 gxh5 28. Bh2 Bb7 29. Qf4 e5 30. Qf5+ Qd7 {Yuffa,D (2522)-Rublevsky,S (2683) Moscow 2017 ½-½ (53)}) ({RR} 16. Qh6 f6 ({RR} 16... f5) 17. Ne4 fxe5 18. Rxg6 Nf7 19. Nd6+ Qxd6 20. Rxe6+ Ne7 21. Qf6 ({RR} 21. Rxd6 Nxh6 22. Bxh6 Nf5 23. Re6+ Kd7) 21... Qc7 ({RR} 21... Qd7 22. Bg5) 22. Be2 h5 ({RR} 22... Rg8 23. Bh5 Rg6 24. Bxg6 hxg6 25. Qxg6 Bd5 26. Raa6) ({RR} 22... exd4 23. Bg5) 23. Bg5 Nxg5 24. hxg5 Rg8 25. Bxh5+ Kd8 26. dxe5 Be4 27. Raa6 {1-0 (27) Grover,S (2514)-Debashis,D (2451) Ajmer 2012 CBM 151 [Grover,Sahaj]}) 16... f5 17. exf6 Nxf6 18. Re3 Bd5 19. Nh3 O-O 20. Nf4 Qb7 21. h5 Ne4 22. g3 Rxf4 23. gxf4 Nf7 24. hxg6 hxg6 25. f3 Ned6 26. Bh3 Nf5 27. Bxf5 gxf5 28. Bc1 a5 29. Ba3 b4 30. Rb1 Qb5 31. Qg2+ Kf8 32. Qg6 Ke7 33. Qxf5 Rh8 34. Rxe6+ Kd8 35. Qxf7 Bxe6 36. Qf6+ Kd7 37. Qxh8 Qf5 38. Rd1 bxa3 39. d5 Bf7 40. Qe5 Qc2 41. d6 a2 42. Qe7+ Kc6 43. Qe4+ 1-0

[Event "EU-ch 18th"]
[Site "Minsk"]
[Date "2017.06.10"]
[Round "11"]
[White "Pashikian, Arman"]
[Black "Motylev, Alexander"]
[Result "0-1"]
[WhiteElo "2603"]
[BlackElo "2665"]
[PlyCount "82"]
[EventDate "2017.05.30"]
[EventType "swiss"]
[EventRounds "11"]
[EventCountry "BLR"]
[SourceTitle "CBM 179"]
[Source "ChessBase"]
[SourceDate "2017.07.12"]
[SourceVersion "1"]
[SourceVersionDate "2017.07.12"]
[SourceQuality "1"]

1. d4 d5 2. c4 c6 3. Nc3 Nf6 4. e3 e6 5. b3 Bb4 6. Bb2 Ne4 7. Qc2 e5 8. a3 Bxc3+ 9. Bxc3 Nxc3 10. Qxc3 dxc4 11. dxe5 cxb3 12. Bc4 b2 13. Rb1 $146 ({RR} 13. Qxb2 Qa5+ 14. Ke2 O-O 15. f4 Bf5 16. Nf3 Nd7 17. Qb4 Qc7 18. Rhd1 Nb6 19. Rd6 c5 20. Qc3 Nxc4 21. Qxc4 a6 22. e4 b5 23. Qd5 Be6 24. Qd2 Bg4 25. f5 Rfe8 26. Qd5 Qe7 27. e6 fxe6 {Aczel,G (2480)-Urhegyi,M (2296) Banska Stiavnica 2016 1-0 (64)}) 13... O-O 14. Ne2 Qe7 15. O-O Nd7 16. f4 Nb6 17. Bb3 Be6 18. Bxe6 Qxe6 19. Qxb2 Nc4 20. Qxb7 Nd2 21. Nd4 Qg6 22. Rfc1 Nxb1 23. Qxb1 Qxb1 24. Rxb1 c5 25. Nf5 Rfb8 26. Rc1 Rb3 27. Rxc5 Rxa3 28. Rc7 a5 29. e6 fxe6 30. Nxg7 a4 31. Nh5 Rd3 32. Nf6+ Kf8 33. Rxh7 Ra5 34. Nd7+ Kg8 35. Nf6+ Kf8 36. Nd7+ Ke8 37. Ne5 Rc3 38. Rh8+ Ke7 39. Rh7+ Kd8 40. Nf7+ Kc7 41. Ng5+ Kb8 0-1

[Event "Sharjah Masters 1st"]
[Site "Sharjah"]
[Date "2017.03.28"]
[Round "6"]
[White "Wang, Hao"]
[Black "Fressinet, Laurent"]
[Result "1/2-1/2"]
[WhiteElo "2683"]
[BlackElo "2662"]
[PlyCount "47"]
[EventDate "2017.03.23"]
[EventType "swiss"]
[EventRounds "9"]
[EventCountry "UAE"]
[SourceTitle "CBM 177 Extra"]
[Source "ChessBase"]
[SourceDate "2017.04.27"]
[SourceVersion "1"]
[SourceVersionDate "2017.04.27"]
[SourceQuality "1"]

1. d4 d5 2. c4 c6 3. Nf3 Nf6 4. Nc3 dxc4 5. a4 e6 6. e4 Bb4 7. e5 Nd5 8. Bd2 b5 9. axb5 Bxc3 10. bxc3 cxb5 11. Ng5 Bb7 12. Qh5 Qe7 13. Be2 Nd7 14. O-O a5 15. Rfb1 Bc6 16. Bg4 Nc7 17. Bd1 $146 ({RR} 17. Bf3 Bxf3 18. Qxf3 O-O 19. Ne4 f6 20. Qg3 fxe5 21. Bg5 Qf7 22. dxe5 Qg6 23. f3 Rfb8 24. Be7 Nd5 25. Bd6 Qxg3 26. hxg3 Rb7 27. Rc1 h6 28. f4 Raa7 29. Rab1 Ra6 30. Ra1 Raa7 31. Rab1 Kh7 {Diaz Murgada,R (2444)-Miranda Mesa,E (2463) Santa Clara 2018 0-1 (80)}) 17... g6 18. Qh3 h6 19. Bc2 Nb6 20. Ne4 Bxe4 21. Bxe4 Nbd5 22. Qf3 Ra6 23. g3 g5 24. Bc1 1/2-1/2

[Event "Capablanca Memorial 52nd"]
[Site "Matanzas"]
[Date "2017.05.28"]
[Round "2"]
[White "Ivanchuk, Vassily"]
[Black "Sasikiran, Krishnan"]
[Result "1/2-1/2"]
[WhiteElo "2738"]
[BlackElo "2669"]
[PlyCount "29"]
[EventDate "2017.05.27"]
[EventType "tourn"]
[EventRounds "10"]
[EventCountry "CUB"]
[EventCategory "17"]
[SourceTitle "CBM 179"]
[Source "ChessBase"]
[SourceDate "2017.07.12"]
[SourceVersion "1"]
[SourceVersionDate "2017.07.12"]
[SourceQuality "1"]

1. d4 d5 2. c4 c6 3. Nc3 Nf6 4. e3 e6 5. Bd2 g6 6. Bd3 Bg7 7. Nf3 Nbd7 8. O-O O-O 9. Qc2 $146 ({RR} 9. Rc1 a5 10. a4 Qb6 11. Qc2 Qa7 12. b3 Rd8 13. Rfd1 b6 14. e4 dxe4 15. Nxe4 Nxe4 16. Bxe4 Bb7 17. Bg5 f6 18. Bh4 Nf8 19. c5 bxc5 20. dxc5 g5 21. Bxg5 fxg5 22. Nxg5 Ba6 23. Bxh7+ Kh8 {Franco Alonso,A (2452)-Gonzalez de la Torre,S (2460) San Sebastian 2011 0-1 (50)}) ({RR} 9. Rc1 Re8 10. Qc2 a6 11. Rfd1 Qe7 12. Be2 h6 13. Be1 Nh7 14. b4 b6 15. e4 dxe4 16. Nxe4 f5 17. Nc3 Bb7 18. c5 b5 19. g3 g5 20. Bf1 Nhf8 21. Bg2 Ng6 22. Nd2 Nf6 23. Nb3 Rac8 {Damljanovic,B (2541)-Miljkovic,M (2510) Vrnjacka Banja 2010 ½-½ (62)}) 9... Re8 10. Rfe1 a6 11. Rad1 b5 12. cxd5 exd5 13. e4 b4 14. e5 bxc3 15. exf6 1/2-1/2

[Event "EU-ch 17th"]
[Site "Gjakova"]
[Date "2016.05.20"]
[Round "8"]
[White "Pashikian, Arman"]
[Black "Matlakov, Maxim"]
[Result "1-0"]
[WhiteElo "2612"]
[BlackElo "2693"]
[PlyCount "89"]
[EventDate "2016.05.12"]
[EventType "swiss"]
[EventRounds "11"]
[EventCountry "KOS"]
[SourceTitle "CBM 173"]
[Source "ChessBase"]
[SourceDate "2016.07.12"]
[SourceVersion "1"]
[SourceVersionDate "2016.07.12"]
[SourceQuality "1"]

1. d4 {Edouard,Romain} d5 2. c4 c6 3. Nc3 Nf6 4. e3 e6 5. b3 Bd6 6. Bb2 O-O 7. Bd3 Nbd7 8. Nge2 b6 9. O-O Bb7 10. Ng3 c5 11. cxd5 cxd4 ({RR} 11... Nxd5 12. Nxd5 Bxd5 13. dxc5 Nxc5 14. Qg4 g6 ({RR} 14... f6 15. Bc2) 15. Bc4 Bxc4 16. Qxc4) 12. Nce4 Bxg3 ({RR} 12... Nxe4 13. Nxe4) 13. Nxg3 ({RR} 13. fxg3 Nxd5 14. Nd6 Qc7 ({RR} 14... Nxe3 15. Bxh7+ Kxh7 16. Qxd4) 15. Nxb7 Qxb7 16. exd4 N7f6) 13... dxe3 ({RR} 13... Nxd5 14. Bxd4) 14. dxe6 exf2+ 15. Rxf2 fxe6 16. Qe2 Rf7 $146 ({RR} 16... Nc5 17. Bc2 Ba6 18. Qe1 Qe8 ({RR} 18... Nd5 19. Rxf8+ ({RR} 19. Rd1 Rxf2 20. Qxf2 Qg5) ({RR} 19. b4 Rxf2 20. Kxf2 Nxb4 21. Qxb4 Qd3) 19... Qxf8 20. b4 Nd3 21. Qxe6+ Qf7 22. Qxf7+ Kxf7 23. Rf1+ Ke6) 19. Rd1 Rc8 ({RR} 19... Rd8 20. Rxd8 Qxd8 21. b4 Nd3 22. Qxe6+ Kh8 23. Rd2 Qc8 24. Qxc8 Rxc8 25. Bxf6 gxf6 26. Nh5 ({RR} 26. Bxd3 Rd8)) 20. b4 Nb7 21. Ne4 ({RR} 21. a4) 21... Nd5 ({RR} 21... Nh5 22. Rxf8+ Qxf8 23. Bb1 Qe7 24. Ng5) ({RR} 21... Qe7 22. Nxf6+ gxf6 23. Qe4 e5 24. b5 Bxb5 25. Qd5+) 22. Rxf8+ Qxf8 23. Bb1 ({RR} 23. Bb3) 23... Qxb4 24. Nf6+ Kh8 ({RR} 24... gxf6 25. Qxe6+) 25. Qxe6 Ra8 ({RR} 25... Ne7 26. Qh3 h6 27. Ba1) 26. Qxd5 {1-0 (26) Carlsen,M (2863)-Duda,J (2757) Stavanger 2020 CBM 199 [Edouard,Romain]}) ({RR} 16... Bd5 17. Raf1 Qe7 18. Nf5 Qf7 19. Nd6 Qe7 20. Nf5 Qf7 21. Ne3 Kh8 22. g4 Qg8 23. Nc4 h6 24. g5 Nh7 25. gxh6 Nhf6 26. Ne5 Nxe5 27. Qxe5 {1-0 (27) Kraus,T (2489)-Finek,V (2397) Skalica 2022}) 17. Qxe6 Bd5 18. Qf5 Qe7 19. Qg5 h6 20. Qh4 Ne8 21. Qxe7 Rxe7 22. Nf5 Rf7 23. Re1 Nc5 24. Bc2 Kf8 25. Ne7 Rxf2 26. Ng6+ Kg8 27. Kxf2 Bf7 28. Re7 Rd8 29. Ke3 a5 30. Ra7 Nf6 31. Ne7+ Kf8 32. Ng6+ Kg8 33. Ne7+ Kf8 34. Nf5 Re8+ 35. Kd2 Rd8+ 36. Kc1 Ne8 37. Ba3 Nf6 38. Rb7 Kg8 39. Rxb6 Nd3+ 40. Kb1 Ne1 41. Nxh6+ gxh6 42. Rxf6 Rd2 43. Bg6 Bd5 44. Rd6 Nxg2 45. Kc1 1-0

[Event "Capablanca Memorial Elite 51st"]
[Site "Varadero"]
[Date "2016.06.17"]
[Round "8"]
[White "Ivanchuk, Vassily"]
[Black "Bruzon Batista, Lazaro"]
[Result "1-0"]
[WhiteElo "2710"]
[BlackElo "2681"]
[PlyCount "119"]
[EventDate "2016.06.08"]
[EventType "tourn"]
[EventRounds "10"]
[EventCountry "CUB"]
[EventCategory "18"]
[SourceTitle "CBM 173"]
[Source "ChessBase"]
[SourceDate "2016.07.12"]
[SourceVersion "1"]
[SourceVersionDate "2016.07.12"]
[SourceQuality "1"]

1. d4 d5 2. c4 e6 3. Nc3 Be7 4. cxd5 exd5 5. Bf4 c6 6. e3 Bf5 7. g4 Be6 8. h4 Nd7 9. h5 Nh6 10. Be2 Nb6 11. b3 $146 ({RR} 11. Nh3 Nc4 12. Bxh6 gxh6 13. Bxc4 dxc4 14. f4 f5 15. gxf5 Bxf5 16. Nf2 Qb6 17. Qe2 O-O-O 18. O-O-O Be6 19. Qc2 Kb8 20. Qe4 Rhe8 21. Qxh7 Qa5 22. Qc2 Bf6 23. Qg6 Bh8 24. e4 Bc8 25. e5 Rf8 {Musialkiewicz,J (2128)-Sabuk,P (2227) Szklarska Poreba 2011 1-0 (35)}) ({RR} 11. Nh3 g5 12. hxg6 hxg6 13. a4 g5 14. Bg3 a5 15. f3 f5 16. Qb3 fxg4 17. fxg4 Nf7 18. O-O-O Bb4 19. Nf2 Rxh1 20. Rxh1 Qe7 21. Nfd1 O-O-O 22. Na2 Nc4 23. Nxb4 axb4 24. Qc2 Na5 25. Kb1 c5 {LCZero 0.31-dag-c93c6a8-BT4-6 (3652)-Stockfish dev-20250118-8e3e22 (3683) tcec-chess.com INT 2025 ½-½ (45)}) ({RR} 11. Nh3 g5 12. hxg6 hxg6 13. Ng1 g5 14. Bg3 Qd7 15. Rc1 Nc4 16. Qb3 Bd6 17. Bxd6 Nxd6 18. Na4 O-O-O 19. Nc5 Qe7 20. Qa4 Kb8 21. Nxe6 Qxe6 22. Qd1 f5 23. gxf5 Nhxf5 24. Rxh8 Rxh8 25. Bf3 Rh2 {Hebbar,E (2233)-Atwell,R (2290) New York USA 2026 0-1}) ({RR} 11. Nh3 g5 12. hxg6 hxg6 13. f3 g5 14. Bg3 f5 15. Be5 Rg8 16. Nf2 Nf7 17. Qc2 Qd7 18. O-O-O Nxe5 19. dxe5 Bc5 20. e4 Bxf2 21. gxf5 O-O-O 22. fxe6 Qxe6 23. exd5 Qxe5 24. dxc6 Be3+ 25. Kb1 bxc6 {Kezin,R (2514)-Vasilyev,E (2095) Khanty-Mansiysk RUS 2022 1-0 (35)}) 11... Bb4 12. Rc1 f6 13. f3 Nf7 14. Bd3 Ng5 15. Kf2 O-O 16. Nge2 Rc8 17. Ng3 Re8 18. Nce2 Nd7 19. Nf5 Nf8 20. Bg3 Bf7 21. Bb1 Ba3 22. Rc3 Bb4 23. Rc2 Be6 24. Qd3 Bxf5 25. Qxf5 Bd6 26. Bh4 Rc7 27. Ng3 Rce7 28. Re2 Nf7 29. Qd3 Nh6 30. Bc2 a5 31. Qd2 Qc7 32. Rg1 Kh8 33. Qd3 Re6 34. Rh1 c5 35. Kg2 b5 36. dxc5 Qxc5 37. Nf1 d4 38. Bf2 Qc6 39. Qxd4 Bc5 40. Qf4 Bd6 41. Qd4 Bc5 42. Qf4 Re5 43. Bf5 Bd6 44. Rc2 Qa6 45. Qd4 Nxf5 46. gxf5 Rxf5 47. Bg3 Re6 48. h6 g6 49. e4 Rg5 50. Kf2 Nd7 51. Bxd6 Rxd6 52. Qe3 Ne5 53. Ng3 Kg8 54. Rd2 Rxd2+ 55. Qxd2 Nf7 56. Rc1 Qe6 57. Qxa5 Nxh6 58. Qd8+ Kg7 59. Rc8 Ng8 60. Ne2 1-0

[Event "ESP-chT CECLUB Honor"]
[Site "Linares"]
[Date "2015.08.17"]
[Round "3.1"]
[White "Rakhmanov, Alexander"]
[Black "Van Wely, Loek"]
[Result "1/2-1/2"]
[WhiteElo "2620"]
[BlackElo "2654"]
[PlyCount "110"]
[EventDate "2015.08.15"]
[EventType "team-tourn"]
[EventRounds "7"]
[EventCountry "ESP"]
[SourceTitle "EXT 2016"]
[Source "ChessBase"]
[SourceDate "2015.10.08"]
[SourceVersion "1"]
[SourceVersionDate "2015.10.08"]
[SourceQuality "1"]
[WhiteTeam "Barcelona Escola Escacs"]
[BlackTeam "Taldea Gros Xake"]
[WhiteTeamCountry "ESP"]
[BlackTeamCountry "ESP"]

1. d4 d5 2. c4 e6 3. Nc3 c6 4. e3 Nf6 5. Bd2 Nbd7 6. Rc1 a6 7. cxd5 exd5 8. Bd3 Bd6 9. Nge2 O-O 10. O-O Re8 11. f3 c5 12. Bb1 ({RR} 12. a4 cxd4 13. exd4 h6 14. Bf4 Nb8 15. Bb1 Nc6 16. Qd3 Be6 17. Rf2 Rc8 18. g4 Nb4 19. Qd2 Nh7 20. Bxd6 Qxd6 21. h4 Qe7 22. Rh2 Bd7 23. Kf2 Nf8 24. Rg1 Qd6 25. Rhg2 Re7 26. h5 f6 {Milanovic,D (2364)-Vandan Alankar Sawai (2113) Belgrade SRB 2026 0-1 (37)}) 12... b5 13. dxc5 Bxc5 14. Nd4 Ne5 $146 ({RR} 14... Qb6 15. Nce2 Bb7 16. Qe1 Ne5 17. b3 b4 18. Qf2 a5 19. Rcd1 Ba6 20. Bc1 Nc6 21. Nxc6 Qxc6 22. Rfe1 Bxe2 23. Rxe2 d4 24. exd4 Rxe2 25. Qxe2 Bxd4+ 26. Kh1 Bc3 27. Bg5 Re8 28. Qd3 g6 29. Bh6 {Gasanov,E (2520)-Dhar,R (2151) New Delhi 2015 1-0 (41)}) ({RR} 14... Bb7 15. Nce2 Rc8 16. Qe1 Ne5 17. b3 Ba7 18. Rxc8 Bxc8 19. Qh4 Qd6 20. Rc1 Bd7 21. Ng3 g6 22. Nge2 Rc8 23. Rxc8+ Bxc8 24. Bc3 Bb8 25. h3 Bc7 26. Kf1 Ned7 27. Nf4 Qe7 28. Nf5 gxf5 29. Bxf5 {Gasanov,E (2465)-Yevseev,D (2533) St Petersburg 2013 ½-½ (33)}) 15. b3 Ba3 16. Rc2 Nd3 17. Nce2 Bd7 18. Rc3 Ne5 19. Be1 Ng6 20. Bf2 Bd6 21. Qd3 Ne5 22. Qd1 Ng6 23. Bf5 Bb4 24. Rc2 Bxf5 25. Nxf5 Qd7 26. Nfd4 Rac8 27. Qb1 Rxc2 28. Nxc2 Bc5 29. Ncd4 Rc8 30. Rd1 Bb6 31. Qf5 Qxf5 32. Nxf5 Rc2 33. Rc1 Rxc1+ 34. Nxc1 Ne5 35. Bh4 g6 36. Bxf6 gxf5 37. Kf2 f4 38. Bxe5 Bxe3+ 39. Ke2 Bxc1 40. Kd3 f6 41. Bxf6 Kf7 42. Bd4 Ke6 43. g4 fxg3 44. hxg3 h5 45. Bf2 Bg5 46. Kd4 Be7 47. a4 bxa4 48. bxa4 Kd6 49. Be3 Bf6+ 50. Kd3 Ke6 51. Bf4 Kf5 52. Bb8 Bg7 53. Ba7 Be5 54. Bf2 Bc7 55. Be1 Ke5 1/2-1/2

[Event "FIDE World Cup"]
[Site "Baku"]
[Date "2015.09.13"]
[Round "1.4"]
[White "Kovalyov, Anton"]
[Black "Kasimdzhanov, Rustam"]
[Result "1/2-1/2"]
[WhiteElo "2616"]
[BlackElo "2704"]
[PlyCount "41"]
[EventDate "2015.09.11"]
[EventType "k.o."]
[EventRounds "7"]
[EventCountry "AZE"]
[SourceTitle "CBM 169"]
[Source "ChessBase"]
[SourceDate "2015.11.10"]
[SourceVersion "1"]
[SourceVersionDate "2015.11.10"]
[SourceQuality "1"]

1. c4 e6 2. Nc3 d5 3. d4 Be7 4. cxd5 exd5 5. Bf4 c6 6. Qc2 Nf6 7. e3 Nh5 8. Be5 Nd7 9. Be2 Nxe5 10. dxe5 g6 11. Bxh5 gxh5 12. Nge2 f6 13. exf6 Bxf6 14. Nf4 h4 15. g3 $146 ({RR} 15. Nh5 Be5 16. f4 Bg4 17. fxe5 Bxh5 18. O-O Bg6 19. Qa4 Qg5 20. Nxd5 O-O-O 21. Qxa7 Rxd5 22. Qa8+ Kc7 23. Qxh8 Rd2 24. Rf2 Rxf2 25. Kxf2 h3 26. Rg1 {½-½ (26) Cuhendi,S (2287)-Betaneli,A (2247) Kecskemet 2013}) 15... O-O 16. O-O-O Kh8 17. f3 Be5 18. e4 Qf6 19. exd5 Bxf4+ 20. gxf4 Qxf4+ 21. Qd2 1/2-1/2